000 01100cam a22003134a 4500
001 13029299
003 OSt
005 20140310182115.0
008 021212s2003 paua c b 001 0 eng
010 _a 2002155771
020 _a1590843940
040 _aDLC
_cDLC
_dDLC
042 _apcc
_alcac
050 0 0 _aGV 1102.7.P75
_b.J66 2003
082 0 0 _aHS 796.8
_bJ63 2003
100 1 _aJohnson, Nathan J.
_911393
245 1 0 _aMartial arts for the mind /
_cNathan Johnson.
260 _aBroomall, PA :
_bMason Crest Publishers,
_cc2003.
300 _a96 p. :
_bill. (some col.) ;
_c25 cm.
490 1 _aMartial and fighting arts series
500 _aIncludes bibliographical references (p. 94) and index.
650 0 _aMartial arts
_xPsychological aspects
_vJuvenile literature.
_913657
650 1 _aMartial arts.
_911407
830 0 _aMartial and fighting arts.
_911394
906 _a7
_bcbc
_corignew
_d1
_eecip
_f20
_gy-gencatlg
942 _2lcc
_cHS
999 _c9448
_d9448